000 00747nam a22002297a 4500
003 UA-OsUOA
001 80899
007 ta
008 20111228b un ||||| |||| 00| 0 ukr d
100 _aТкаченко Н.В.
700 _aЦікановська Н.А.
090 _a330(477)
_bТ48
942 _cSA
040 _aUA-OsUOA
_bukr
_cUA-OsUOA
_dUA-OsUOA
245 _aСоціал-лібералізм недержавних пенсійних фондів та процеси інтеграції соціального простору
300 _aС.70-82
955 _a0
041 _aukr
080 _a330(477)
773 0 _w80892
_tФінанси України
_dК.
_d2011
_g9
650 7 _a330 Економіка взагалі
_2UDC
999 _c367205
_d367205